Las aventuras de Don Bosco / (Record no. 134260)

MARC details
000 -LEADER
campo de control de longitud fija 00506nam a2200169 i 4500
001 - NÚMERO DE CONTROL
campo de control 134260
003 - IDENTIFICADOR DE NÚMERO DE CONTROL
campo de control ES-MaACL
005 - FECHA Y HORA DE LA ÚLTIMA TRANSACCIÓN
campo de control 20230906194632.0
007 - CAMPO FIJO DE DESCRIPCIÓN FÍSICA--INFORMACIÓN GENERAL
campo de control de longitud fija t|
008 - DATOS DE LONGITUD FIJA--INFORMACIÓN GENERAL
campo de control de longitud fija 070907s1945 sp ||||1| spa d
100 1# - ENTRADA PRINCIPAL--NOMBRE DE PERSONA
Nombre de persona Wast, Hugo.
9 (RLIN) 116159
245 14 - MENCIÓN DEL TÍTULO
Título Las aventuras de Don Bosco /
Mención de responsabilidad, etc. Hugo Wast.
260 ## - PUBLICACIÓN, DISTRIBUCIÓN, ETC.
Lugar de publicación, distribución, etc. Burgos :
Nombre del editor, distribuidor, etc. Aldecoa,
Fecha de publicación, distribución, etc. 1945.
300 ## - DESCRIPCIÓN FÍSICA
Extensión 2 v. ;
Dimensiones 19 cm.
505 8# - NOTA DE CONTENIDO CON FORMATO
Nota de contenido con formato Contiene: I. Bajo el reino de Carlos Alberto -- II. Bajo el reinado de Pío IX
852 ## - LOCALIZACIÓN
Ubicación ES-MaACL
Número de control de estantería B-10577-78
Sublocalización o colección R.21806
Holdings
Estatus retirado Estado de pérdida Estado de daño No para préstamo Biblioteca de origen Biblioteca actual Ubicación en estantería Fecha de adquisición Fuente de adquisición Total de préstamos Signatura topográfica completa Código de barras Visto por última vez Precio de reemplazo Tipo de ítem Koha
        Biblioteca del Ateneo de Madrid Biblioteca del Ateneo de Madrid Sala Pardo Bazán 17/01/2008     B-10577-78 1139754 23/02/2023 23/02/2023 Libro impreso